Netherlands 2014 working better with age

Guardado en:
Detalles Bibliográficos
Formato: Libro
Lenguaje:inglés
Publicado: Paris OECD 2014
Colección:Ageing and employment policies
Materias:
Etiquetas: Agregar Etiqueta
Sin Etiquetas, Sea el primero en etiquetar este registro!

MARC

LEADER 00000nam a2200000 4500
001 0195375
005 20240315120950.7
020 |a 978-92-64-20814-8 
041 0 |a eng 
044 |a FR 
245 1 0 |a Netherlands 2014  |b working better with age 
264 1 |a Paris  |b OECD  |c 2014 
300 |a 137 s. 
490 1 |a Ageing and employment policies 
830 0 |a Ageing and employment policies 
610 2 0 |a starnutie populácie 
610 2 0 |a demografia 
610 2 0 |a politika zamestnanosti 
610 2 0 |a reformy 
610 2 0 |a miesta pracovné 
610 2 0 |a mobilita sociálna 
610 2 0 |a ochrana sociálna 
610 2 0 |a dôchodky 
610 2 0 |a trh práce 
610 2 0 |a štúdie prípadové 
610 2 0 |a Holandsko